South Eastern Kenya University

Library Online Public Access Catalogue


What a blessing she had chloroform : (Record no. 5337)

MARC details
000 -LEADER
fixed length control field 00487cam a2200145 a 4500
020 ## - ISBN
International Standard Book Number 0300075979 (alk. paper)
050 00 - LIBRARY OF CONGRESS CALL NUMBER
Classification Number RG 732
Item Number .C28
100 1# - MAIN ENTRY--Author
Personal name Caton, Donald,
Dates associated with a name 1937-
245 10 - TITLE
Title What a blessing she had chloroform :
Remainder of title the medical and social response to the pain of childbirth from 1800 to the present /
Statement of responsibility, etc Donald Caton.
260 ## - PUBLICATION, DISTRIBUTION, ETC.(IMPRINT)
Place of publication, distribution, etc New Haven :
Name of publisher, distributor, etc Yale University Press,
Date of publication, distribution, etc c1999.
300 ## - PHYSICAL DESCRIPTION
Extent 288 p. :
650 #0 - SUBJECT--TOPIC
General subdivision History.
650 #0 - SUBJECT--TOPIC
General subdivision Prevention
-- History.
942 ## - ADDED ENTRY ELEMENTS(KOHA)
Source of classification or shelving scheme Library of Congress Classification
Koha item type General circulation
Holdings
Source of classification or shelving scheme Not for loan Location (home branch) Sublocation (holding branch) Shelving location Date accessioned Full call number Barcode Koha item type Public note
Library of Congress Classification   Main Campus Library Main Campus Library   07/07/2015 RG 732 .C28 2015/001365 General circulation smo
Kitui, Kenya.
+254736116989
library@seku.ac.ke